| 000 | 00590nam a2200205Ia 4500 | ||
|---|---|---|---|
| 005 | 20250425162719.0 | ||
| 008 | 250425s9999 xx 000 0 und d | ||
| 041 | _aspa | ||
| 082 | _a639.2 | ||
| 100 | _aDE LA CUEVA SANZ, MARIANO S | ||
| 245 | 0 | _aARTES Y APAREJOS: TECNOLOGÍA PESQUERA | |
| 250 | _a3A ED. | ||
| 260 |
_aEspaña _bMINISTERIO DE AGRICULTURA, PESCA Y ALIMENTACION _c1990 |
||
| 260 | _aMADRID | ||
| 500 | _aES LIBRO, NO PUEDO MODIFICAR MEDIO Y TIPO DE ALMACENAMIENTO | ||
| 650 | _aARTES DE PESCA | ||
| 650 | _aPESQUERIA ARTESANAL | ||
| 942 | _c01 | ||
| 010 | _a102235 | ||
| 999 |
_c234962 _d234962 |
||